Statistieken voor Top 15 Covid-19 getroffen landen - 25 juni

Klik hier om de quiz te nemen!

Algemene statistieken

  • Deze quiz is 3 keer genomen
  • De gemiddelde score is 12 van 26

Antwoordstatistieken

land% Correct
Brazilië
100%
Italië
100%
Mexico
100%
Rusland
100%
Spanje
100%
Verenigde Staten
100%
België
67%
Duitsland
67%
India
67%
Turkije
67%
Verenigd Koninkrijk
67%
Zweden
67%
Chili
33%
Chili
33%
Iran
33%
Panama
33%
Peru
33%
Armenië
0%
Bahrein
0%
Koeweit
0%
Oman
0%
Pakistan
0%
Qatar
0%
Saoedi-Arabië
0%
Singapore
0%
Wit-Rusland
0%

Scoreverdeling

Percentiel versus Aantal Correcte Antwoorden

Procent van Mensen met Elke Score

Uw Scoregeschiedenis

U heeft deze quiz nog niet genomen